Khác biệt để bứt phá

Chỉ cho bạn những phương thức đơn giản mà hiệu quả để đạt được thành công trong công việc

Gespeichert in:
Bibliographische Detailangaben
1. Verfasser: Fried, Jason
Format: Buch
Sprache:Undetermined
Veröffentlicht: Thành phố Hồ Chí Minh Trẻ 2014
Schlagworte:
Tags: Tag hinzufügen
Keine Tags, Fügen Sie den ersten Tag hinzu!
Thư viện lưu trữ: Trung tâm Học liệu Trường Đại học Cần Thơ
LEADER 00769nam a2200205Ia 4500
001 CTU_202784
008 210402s9999 xx 000 0 und d
020 |c 68000 
082 |a 658.4092 
082 |b F899 
100 |a Fried, Jason 
245 0 |a Khác biệt để bứt phá 
245 0 |c Jason Fried, David Heinemeier Hansson ; Biên dịch: Thanh Thảo, Song Thu, Vi Thảo Nguyên 
260 |a Thành phố Hồ Chí Minh 
260 |b Trẻ 
260 |c 2014 
520 |a Chỉ cho bạn những phương thức đơn giản mà hiệu quả để đạt được thành công trong công việc 
650 |a Lãnh đạo,Leadership 
904 |i Nguyên 
980 |a Trung tâm Học liệu Trường Đại học Cần Thơ